000
00275nam a2200109Ia 4500
008
230907s9999||||xx |||||||||||||| ||und||
082
_a
518.25,LAR
100
_a
Larson, Mats G.,
_9
115141
245
4
_a
The finite element method :
300
_a
xvii, 385 pages :
942
_c
BK
999
_c
597706
_d
597706